|
|
|
|
| LEADER |
00000nab a2200000 a 4500 |
| 001 |
vtls000722456 |
| 003 |
SK-MaSNL |
| 005 |
20260304114726.0 |
| 008 |
250429c1999 xo 0 slo |
| 015 |
|
|
|a SNBRB2000/05-12787
|
| 035 |
|
|
|a CLN000074623
|
| 035 |
|
|
|a urn:nbn:sk:snk-ab6tas
|
| 035 |
|
|
|a (uuid)c0ceef92-8b49-4dbf-b8c4-fd84cc3048c9
|
| 035 |
|
|
|a (urnnbn)urn:nbn:sk:snk:ar-a05qva
|
| 035 |
|
|
|a (sysno)vtls000722456
|
| 040 |
|
|
|a SNKBUCL
|b slo
|c SNKBUCL
|e AACR2
|
| 041 |
0 |
|
|a slo
|
| 044 |
|
|
|a xo
|c SK
|
| 080 |
|
|
|a 615.27
|2 1997
|
| 100 |
1 |
|
|a Farkašová, Dana,
|d 1948-
|4 aut
|9 189041
|
| 245 |
1 |
0 |
|a Výsledky multicentrickej štúdie s mydocalmom na Slovensku
|c D. Farkašová
|
| 611 |
1 |
7 |
|a Zjazd slovenských a českých reumatológov
|n (43. :
|d 1999 :
|c Nitra, Slovensko)
|2 snkbucl
|9 1420070
|
| 650 |
0 |
7 |
|a mydocalm
|2 snkbucl
|9 1420071
|
| 650 |
0 |
7 |
|a tolperison
|2 snkbucl
|9 1420072
|
| 655 |
|
7 |
|a články z novín a časopisov
|2 snkbucl
|9 267496
|
| 773 |
0 |
|
|t Rheumatologia
|g Roč. 13, č. 3 (1999), s. 137
|
| 850 |
|
|
|a Slovenská národná knižnica
|
| 852 |
|
|
|a Slovenská národná knižnica
|
| 954 |
|
|
|a odborná, vedecká literatúra pôvodná (slovenská)
|2 lita
|
| 958 |
|
|
|a article27
|
| 958 |
|
|
|a MI
|
| 958 |
|
|
|a OND
|
| 958 |
|
|
|a EUIPO
|
| 992 |
|
|
|a RBX
|
| 999 |
|
|
|c 2873713
|d 2875643
|